| 000 | 01168nam a2200289 i 4500 | ||
|---|---|---|---|
| 003 | EG-ScBUE | ||
| 005 | 20231106124245.0 | ||
| 008 | 110913s1988 ua af b 000 0 bara d | ||
| 017 | _a1988 / 2205 | ||
| 020 | _a977011698X | ||
| 040 |
_aEG-ScBUE _bara _erda _cEG-ScBUE _dEG-ScBUE |
||
| 082 | 0 | 4 |
_222 _a892.78609 _bش ر ف |
| 100 | 1 |
_aشرف، عبد العزيز، _eمؤلف. |
|
| 245 | 1 | 0 |
_aطه حسين : _bوزوال المجتمع التقليدي / _cد. عبد العزيز شرف. |
| 264 | 1 |
_aالقاهرة : _bالهيئة المصرية العامة للكتاب، _c1988. |
|
| 300 |
_a335 صفحة ؛ _c24 سم |
||
| 336 |
_2rdacontent _aنص _btxt |
||
| 337 |
_aبدون وسيط _2rdamedia _bn |
||
| 338 |
_aمجلد _bnc _2rdacarrier |
||
| 504 | _aيشتمل على إرجاعات ببليوجرافية. | ||
| 600 | 1 | 7 |
_2BUEsh _aحسين، طه، _d1889-1973. |
| 650 | 7 |
_2BUEsh _aالأدباء المصريون _vتراجم. |
|
| 650 | 7 |
_2BUEsh _aالمؤلفون المكفوفون _vتراجم. |
|
| 650 | 7 |
_2BUEsh _aالأدب العربي _zمصر _xتاريخ _yالعصر الحديث. |
|
| 655 | _vReading book | ||
| 942 |
_2ddc _cBB |
||
| 999 |
_c16016 _d16016 |
||